000
00276nam a22001097a 4500
008
240326b |||||||| |||| 00| 0 eng d
100
_a
Marlowe, christopher
_9
10041
245
_a
Tamburlaine The Great
260
_b
Methan & Co.
_c
1964.
_a
London,
300
_a
271p.
942
_c
BK
999
_c
39103
_d
39103